000 00279nam a2200121Ia 4500
100 _aActuniv Group
650 _aCommunication Skill
942 _cBK
245 _aWordsworth English Language Lab:Course ware REP-3
260 _bActuniv group
546 _aENGLISH
999 _c20104
_d20104